Statistics for Most Popular Sports On An Empty Map

Click here to take the quiz!

General Stats

  • This quiz has been taken 478 times
  • The average score is 176 of 196

Answers on the Map

Answers color-coded by a green-red scale on the quiz's map according to % correct below.
 

Answer Stats

ContinentCountrySport% Correct
AfricaZimbabweSoccer
99%
EuropeNorwaySoccer
99%
AsiaMyanmarSoccer
99%
AfricaNamibiaSoccer
99%
EuropeNetherlandsSoccer
99%
AfricaNigerSoccer
99%
AfricaNigeriaSoccer
99%
AsiaNorth KoreaSoccer
99%
EuropeNorth MacedoniaSoccer
99%
AsiaOmanSoccer
99%
AfricaMoroccoSoccer
99%
OceaniaPalauSoccer
99%
North AmericaPanamaSoccer
99%
South AmericaParaguaySoccer
99%
South AmericaPeruSoccer
99%
EuropePolandSoccer
99%
EuropePortugalSoccer
99%
AsiaQatarSoccer
99%
AfricaMozambiqueSoccer
99%
EuropeMoldovaSoccer
99%
EuropeRomaniaSoccer
99%
AfricaLiberiaSoccer
99%
AfricaKenyaSoccer
99%
OceaniaKiribatiSoccer
99%
EuropeKosovoSoccer
99%
AsiaKuwaitSoccer
99%
AsiaLaosSoccer
99%
AsiaLebanonSoccer
99%
AfricaLesothoSoccer
99%
EuropeAlbaniaSoccer
99%
North AmericaMexicoSoccer
99%
EuropeLiechtensteinSoccer
99%
EuropeLuxembourgSoccer
99%
AfricaMalawiSoccer
99%
AsiaMalaysiaSoccer
99%
AfricaMaliSoccer
99%
EuropeMaltaSoccer
99%
AfricaMauritaniaSoccer
99%
AfricaMauritiusSoccer
99%
AfricaR. CongoSoccer
99%
EuropeRussiaSoccer
99%
AsiaJordanSoccer
99%
EuropeUkraineSoccer
99%
AfricaTogoSoccer
99%
North AmericaTrinidad & TobagoSoccer
99%
AfricaTunisiaSoccer
99%
AsiaTurkeySoccer
99%
AsiaTurkmenistanSoccer
99%
OceaniaTuvaluSoccer
99%
AfricaUgandaSoccer
99%
AsiaUnited Arab EmiratesSoccer
99%
AsiaTajikistanSoccer
99%
EuropeUnited KingdomSoccer
99%
South AmericaUruguaySoccer
99%
AsiaUzbekistanSoccer
99%
OceaniaVanuatuSoccer
99%
EuropeVatican CitySoccer
99%
AsiaVietnamSoccer
99%
AsiaYemenSoccer
99%
AfricaZambiaSoccer
99%
AfricaTanzaniaSoccer
99%
AsiaSyriaSoccer
99%
AfricaRwandaSoccer
99%
AsiaSingaporeSoccer
99%
EuropeSan MarinoSoccer
99%
AfricaSao Tome & PrincipeSoccer
99%
AsiaSaudi ArabiaSoccer
99%
AfricaSenegalSoccer
99%
EuropeSerbiaSoccer
99%
AfricaSeychellesSoccer
99%
AfricaSierra LeoneSoccer
99%
EuropeSlovakiaSoccer
99%
EuropeSwitzerlandSoccer
99%
EuropeSloveniaSoccer
99%
OceaniaSolomon IslandsSoccer
99%
AfricaSomaliaSoccer
99%
AfricaSouth SudanSoccer
99%
EuropeSpainSoccer
99%
AfricaSudanSoccer
99%
South AmericaSurinameSoccer
99%
EuropeSwedenSoccer
99%
AsiaKazakhstanSoccer
99%
AfricaLibyaSoccer
99%
AfricaIvory CoastSoccer
99%
AsiaEast TimorSoccer
99%
North AmericaBelizeSoccer
99%
South AmericaBoliviaSoccer
99%
OceaniaF.S. MicronesiaSoccer
99%
AfricaBotswanaSoccer
99%
South AmericaBrazilSoccer
99%
AfricaEthiopiaSoccer
99%
AfricaEswatiniSoccer
99%
AsiaBruneiSoccer
99%
EuropeBulgariaSoccer
99%
AfricaEquatorial GuineaSoccer
99%
North AmericaEl SalvadorSoccer
99%
AfricaEgyptSoccer
99%
South AmericaEcuadorSoccer
99%
North AmericaDominicaSoccer
99%
AfricaGabonSoccer
99%
AfricaBurkina FasoSoccer
99%
EuropeDenmarkSoccer
99%
AfricaD.R. CongoSoccer
99%
AsiaCyprusSoccer
99%
AfricaBurundiSoccer
99%
AsiaCambodiaSoccer
99%
EuropeCroatiaSoccer
99%
North AmericaCosta RicaSoccer
99%
AfricaComorosSoccer
99%
South AmericaColombiaSoccer
99%
AfricaCameroonSoccer
99%
South AmericaChileSoccer
99%
AfricaChadSoccer
99%
AfricaCentral African RepublicSoccer
99%
EuropeFranceSoccer
99%
AfricaBeninSoccer
99%
EuropeBelgiumSoccer
99%
AfricaGuinea-BissauSoccer
99%
AfricaAlgeriaSoccer
99%
EuropeItalySoccer
99%
AsiaIsraelSoccer
99%
EuropeIrelandSoccer
99%
AsiaIraqSoccer
99%
AsiaIranSoccer
99%
EuropeAndorraSoccer
99%
AfricaAngolaSoccer
99%
North AmericaAntigua & BarbudaSoccer
99%
South AmericaArgentinaSoccer
99%
EuropeHungarySoccer
99%
North AmericaHondurasSoccer
99%
North AmericaHaitiSoccer
99%
AfricaCape VerdeSoccer
99%
EuropeAustriaSoccer
99%
AsiaAzerbaijanSoccer
99%
AfricaGambiaSoccer
99%
AsiaGeorgiaSoccer
99%
EuropeGermanySoccer
99%
AfricaGhanaSoccer
99%
EuropeGreeceSoccer
99%
AsiaBahrainSoccer
99%
North AmericaGuatemalaSoccer
99%
AfricaGuineaSoccer
99%
OceaniaAustraliaFootball
96%
OceaniaNauruFootball
96%
North AmericaUnited StatesFootball
96%
EuropeCzech RepublicIce Hockey
93%
EuropeLatviaIce Hockey
93%
EuropeBelarusIce Hockey
93%
North AmericaCanadaIce Hockey
93%
North AmericaSt. Vincent & the GrenadinesCricket
85%
AsiaBangladeshCricket
85%
AsiaSri LankaCricket
85%
North AmericaSt. Kitts & NevisCricket
85%
North AmericaSt. LuciaCricket
85%
North AmericaBarbadosCricket
85%
AsiaAfghanistanCricket
85%
North AmericaGrenadaCricket
85%
AsiaIndiaCricket
85%
AsiaNepalCricket
85%
South AmericaGuyanaCricket
85%
AsiaPakistanCricket
85%
South AmericaVenezuelaBaseball
83%
North AmericaCubaBaseball
83%
North AmericaDominican RepublicBaseball
83%
AsiaSouth KoreaBaseball
83%
North AmericaNicaraguaBaseball
83%
AsiaTaiwanBaseball
83%
AsiaJapanBaseball
83%
OceaniaMarshall IslandsBasketball
82%
EuropeLithuaniaBasketball
82%
EuropeEstoniaBasketball
82%
EuropeBosnia & HerzegovinaBasketball
82%
North AmericaBahamasBasketball
82%
AsiaChinaBasketball
82%
AfricaMadagascarRugby
72%
OceaniaTongaRugby
72%
OceaniaSamoaRugby
72%
OceaniaNew ZealandRugby
72%
AfricaSouth AfricaRugby
72%
OceaniaFijiRugby
72%
OceaniaPapua New GuineaRugby
72%
AsiaMongoliaWrestling
50%
AsiaArmeniaWrestling
50%
North AmericaJamaicaTrack
36%
AfricaDjiboutiTrack
36%
AsiaPhilippinesBoxing
29%
AsiaThailandGolf
29%
AsiaBhutanArchery
25%
AsiaIndonesiaBadminton
25%
EuropeIcelandHandball
17%
EuropeMontenegroHandball
17%
AfricaEritreaCycling
12%
EuropeMonacoMotorsport
8%
AsiaMaldivesBeach Volleyball
6%
EuropeFinlandPesapallo
5%
AsiaKyrgyzstanKok Boru
4%

Score Distribution

Percentile by Number Answered

Percent of People with Each Score

Your Score History

You have not taken this quiz